Історико-правові проблеми автономізму та федералізму (Запис № 423667)
[ простий вигляд ]
| 000 -Лідер | |
|---|---|
| fixed length control field | 01259nam a22002537a 4500 |
| 003 - Ідентифікатор контрольного номера | |
| control field | UA-OsUOA |
| 005 - Дата та час останнього входження (трансакції) | |
| control field | 20191004095632.0 |
| 008 - Елементи даних фіксованої довжини – загальна інформація | |
| fixed length control field | 190904b un ||||| |||| 00| 0 ukr d |
| 020 ## - Міжнародний стандартний книжковий номер (ISBN) | |
| Міжнародний стандартний книжковий номер (ISBN) (НП) | 966 8415 03 5 |
| 040 ## - Джерело каталогізації | |
| Агенція оригінальної каталогізації | UA-OsUOA |
| Мова каталогізації | ukr |
| Агенція, яка здійснювала перезапис | UA-OsUOA |
| Агенція, яка здійснювала модифікацію | UA-OsUOA |
| 041 ## - Код мови | |
| Код мови тексту/ звукової доріжки чи окремого заголовка (П) | ukr |
| 080 ## - Індекс Універсальної десяткової класифікації | |
| Індекс Універсальної десяткової класифікації (УДК) (НП) | 340.12(081) |
| 090 ## - Локальний шифр розміщення | |
| Класифікаційний індекс УДК | 340.12(081) |
| Авторський знак (НП) | І - 90 |
| 245 ## - Відомості про назву | |
| Назва (НП) | Історико-правові проблеми автономізму та федералізму |
| Решта назви (НП) | матеріали Х-ї Міжнародної історико-правової конференції 22 - 24 вересня 2003 року м. Севастополь |
| Дані про відповідальність (НП) | за ред. О. В. Тимощука ; гол. ред. Г. І. Хмільовська |
| 260 ## - Публікація, розповсюдження і т.п. (Вихідні дані) | |
| Місце публікації, розповсюдження і т.п. (П) | Сімферополь |
| Ім’я/ наймення видавництва, розповсюджувача і т.п. (П) | Всеукраїнський інформаційно-культурний центр |
| Дата публікації, розповсюдження і т.п. (П) | 2004 |
| 300 ## - Фізичний опис | |
| Обсяг | 464 с. |
| 365 ## - Торговельна ціна | |
| Сума | 25,00 |
| 650 ## - Додаткове предметне введення – тематичний термін | |
| Тематичний термін чи географічна назва, як елемент введення (НП) | 340.1 Типи та форми права |
| 700 1# - Додаткове введення – ім'я особи | |
| Ім’я особи (НП) | Г. І. Хмільовська |
| 856 40 - Електронне місцезнаходження та доступ | |
| Текст для зв’язку | Клацніть тут для перегляду онлайн |
| 942 ## - Додаткові елементи входу (Коха) | |
| Source of classification or shelving scheme | Universal Decimal Classification |
| Тип елемента Koha | Книги |
| Стан вилучень | Стан втрат | Джерело класифікації або схеми стелажів | Стан уражень | Не для кредиту | Код колекції | Постійне місце розташування | Поточне розміщення | Дата придбання | Джерело придбання | Інвентарний номер | Усього замовленно | Повний номер виклику | Штрих-код | Дата останнього перегляду | Ціна ефективна від | Тип елемента Koha |
|---|---|---|---|---|---|---|---|---|---|---|---|---|---|---|---|---|
| Universal Decimal Classification | Колекція Колоса М.І. | ЧЗ - Читальна зала | ЧЗ - Читальна зала | 04/09/2019 | Акт надходження № 35 (фізичними особами) | 161655 | 340.12(081) І - 90 | 161655 | 06/02/2022 | 04/09/2019 | Книги |